Préfectures de la Bourgogne Franche-Comté - Statistiques

Statistiques générales
  • Ce quiz a été pris 267 fois
  • Le résultat moyen est 6 sur 8
Statistiques - réponses
Département Préfecture % Correct
Côte d'Or Dijon
96%
Territoire de Belfort Belfort
89%
Doubs Besançon
81%
Yonne Auxerre
75%
Nièvre Nevers
75%
Saône-et-Loire Mâcon
68%
Jura Lons-le-Saunier
64%
Haute-Saône Vesoul
54%
Aucun quiz correspondant
Distribution des résultats
% des personnes avec chaque résultat
Percentile par nombre de réponses
Votre historique - résultats
Vous n’avez pas pris ce quiz